00961cam a2200205 a 450000100100000000500170001000800410002704000250006808200210009310000300011424000620014424502730020626000350047930000330051453400840054765000330063165000330066465000400069770000180073700000111620200929145459.0850417s1954 sp a 001 0 spa  aDO-SdBNPbspacBNPHU a624.183414bK47c1 aKiehne, Siegfried,d1885-10aBauten aus Beton- und Stahlbeton-Fertigteilen.lEspañol10aConstrucción con prefabricados de hormigón y hormigón armado :bclasificación de las construciones composición del material prefabricados como elementos de construción situación, disposición y equipo de las fábricas /cSiegfried Kiehne, Peter Bonatz. aBarcelona :bReverté,c1954. axii, 357 p. :bil. ;c24 cm. aVersión española de la obra:tBauten aus Beton- und Stahlbeton-Fertigteilen 4aConstrucciones prefabricadas 4aConstrucción de hormigón 4aConstrucción de hormigón armado1 aBonatz, Peter